[Event "OLNW 1920 SK Kirchweyhe - SK Nordhorn B"]
[Site "?"]
[Date "2019.11.24"]
[Round "3.5"]
[White "Bertholee, Rob"]
[Black "Zaja, Ivan"]
[Result "1/2-1/2"]
[WhiteElo "2305"]
[BlackElo "2463"]
[PlyCount "84"]
[EventDate "2019.??.??"]
[EventType "team-tourn"]

1. e4 c5 2. Nc3 e6 3. Nf3 Nc6 4. Bb5 Nge7 5. O-O g6 6. d4 cxd4 7. Nxd4 Bg7 8.
Nde2 O-O 9. Be3 d5 10. exd5 exd5 11. Bc5 Re8 12. Qd2 d4 13. Ne4 Nf5 14. N2g3
Nxg3 15. Nxg3 Qd5 16. b4 Rd8 17. Rfe1 Be6 18. Ne4 Bf5 19. Qf4 b6 20. Bxc6 Qxc6
21. Be7 Rd7 22. b5 Qxb5 23. Nf6+ Kh8 24. Qh4 h6 25. Nxd7 Qxd7 26. Bf6 Kh7 27.
Rad1 g5 28. Qxd4 Qxd4 29. Bxd4 Bxc2 30. Rc1 Bxd4 31. Rxc2 Bc5 32. Rd1 a5 33.
Kf1 a4 34. Rd7 Kg6 35. Rcd2 Ra5 36. Rb2 a3 37. Rb3 Ra4 38. f3 h5 39. Ke2 Rc4
40. Rbd3 Rc1 41. Rd1 Rc2+ 42. R7d2 Rc3 1/2-1/2

[Event "OLNW 1920 SK Kirchweyhe - SK Nordhorn B"]
[Site "?"]
[Date "2019.11.24"]
[Round "3.6"]
[White "Genov, Petar"]
[Black "Stotyn, Fabian"]
[Result "1/2-1/2"]
[WhiteElo "2425"]
[BlackElo "2227"]
[PlyCount "69"]
[EventDate "2019.??.??"]
[EventType "team-tourn"]

1. Nf3 Nf6 2. c4 c5 3. g3 d5 4. cxd5 Nxd5 5. Bg2 Nc6 6. d4 e6 7. O-O Be7 8. Nc3
Nxc3 9. bxc3 O-O 10. Rb1 Qa5 11. Qb3 Rd8 12. Bf4 cxd4 13. Nxd4 Nxd4 14. cxd4
Rxd4 15. Bxb7 Bxb7 16. Qxb7 Re8 17. Be3 Rdd8 18. Rfd1 Bc5 19. Bxc5 Qxc5 20. Rd7
Rxd7 21. Qxd7 Rf8 22. Qa4 g6 23. Rb7 a5 24. Rb5 Qc1+ 25. Kg2 Qd2 26. Rxa5 Qxe2
27. Ra8 e5 28. Rxf8+ Kxf8 29. Qb4+ Kg7 30. a4 e4 31. Qc3+ Kg8 32. Qe3 Qc4 33.
a5 Qb5 34. Qa3 e3 35. Qxe3 1/2-1/2

[Event "OLNW 1920 SK Kirchweyhe - SK Nordhorn B"]
[Site "?"]
[Date "2019.11.24"]
[Round "3.7"]
[White "Oehne, Timo"]
[Black "Medak, Bojan"]
[Result "1/2-1/2"]
[WhiteElo "2090"]
[BlackElo "2367"]
[PlyCount "58"]
[EventDate "2019.??.??"]
[EventType "team-tourn"]

1. e4 d6 2. d4 Nf6 3. Nc3 g6 4. Be3 c6 5. Qd2 Nbd7 6. f3 b5 7. d5 cxd5 8. Nxd5
a6 9. Qc3 Nxd5 10. exd5 Nf6 11. g4 Bb7 12. O-O-O Rc8 13. Qb3 Qc7 14. c3 Bg7 15.
h4 b4 16. Ne2 Qa5 17. a3 Bxd5 18. axb4 Bxb3 19. bxa5 Bxd1 20. Kxd1 O-O 21. Nd4
e5 22. Nc2 Nd5 23. Bf2 Ra8 24. Bc4 Nc7 25. Nb4 d5 26. Bxd5 Rfd8 27. c4 Nxd5 28.
Nxd5 e4 29. fxe4 Bxb2 1/2-1/2

[Event "OLNW 1920 SK Kirchweyhe - SK Nordhorn B"]
[Site "?"]
[Date "2019.11.24"]
[Round "3.8"]
[White "Vernacki, Srdjan"]
[Black "Bierenbroodspot, Paul"]
[Result "1-0"]
[WhiteElo "2292"]
[BlackElo "2117"]
[PlyCount "35"]
[EventDate "2019.??.??"]
[EventType "team-tourn"]

1. e4 d5 2. exd5 Nf6 3. Nf3 Nxd5 4. c4 Nb6 5. d4 g6 6. Be2 Bg7 7. O-O N8d7 8.
Nc3 O-O 9. c5 e5 10. cxb6 axb6 11. dxe5 Nxe5 12. Qxd8 Rxd8 13. Bf4 Nxf3+ 14.
Bxf3 c6 15. Bc7 Rd2 16. Rfd1 Bxc3 17. bxc3 Raxa2 18. Bxb6 1-0

[Event "OLNW 1920 SK Union SK Lehrt"]
[Site "Oldenburg"]
[Date "2019.11.24"]
[Round "3.1"]
[White "Schirm, Friedmar"]
[Black "Breutigam, Martin"]
[Result "1/2-1/2"]
[WhiteElo "2267"]
[BlackElo "2373"]
[PlyCount "100"]
[EventDate "2019.??.??"]
[EventType "team-tourn"]
[EventCountry "GER"]

1. Nf3 d5 2. c4 e6 3. g3 Nf6 4. Bg2 Be7 5. O-O O-O 6. b3 d4 7. e3 c5 8. exd4
cxd4 9. d3 Nc6 10. Re1 Re8 11. a3 a5 12. Ne5 Nxe5 13. Rxe5 Qc7 14. Rb5 Ra7 15.
Bf4 Bd6 16. Bxd6 Qxd6 17. Nd2 b6 18. b4 axb4 19. axb4 Rc7 20. Rc1 Ba6 21. c5
bxc5 22. Rbxc5 Rxc5 23. bxc5 Qc7 24. Ne4 Nxe4 25. Bxe4 f5 26. Qa4 Qc8 27. Bc6
Rd8 28. Bb5 Bxb5 29. Qxb5 Kf7 30. c6 Qc7 31. Qc5 Rd5 32. Qb4 g5 33. Rc4 g4 34.
Rc1 h5 35. Qd2 Kg6 36. Qa2 Rd6 37. Qa8 Rd8 38. Qa3 Kf7 39. Qa6 Rd6 40. Rc5 Kf6
41. Qc4 Rd8 42. Kg2 Rd6 43. Qc1 Kg6 44. Qf4 Qd8 45. Rc1 Rxc6 46. Rxc6 Qd5+ 47.
Kg1 Qxc6 48. Qxd4 Qc1+ 49. Kg2 Qc6+ 50. Kg1 Qc1+ 1/2-1/2

[Event "OLNW 1920 SK Union SK Lehrt"]
[Site "Oldenburg"]
[Date "2019.11.24"]
[Round "3.2"]
[White "Bredemeier, Dirk"]
[Black "Stelmaszyk, Nico"]
[Result "0-1"]
[WhiteElo "2271"]
[BlackElo "2168"]
[PlyCount "102"]
[EventDate "2019.??.??"]
[EventType "team-tourn"]
[EventCountry "GER"]

1. c4 c5 2. g3 Nf6 3. Bg2 Nc6 4. Nc3 e6 5. Nf3 d5 6. cxd5 exd5 7. d4 cxd4 8.
Nxd4 Be7 9. O-O O-O 10. Bf4 Qb6 11. Be3 Qxb2 12. Nxd5 Nxd5 13. Bxd5 Nxd4 14.
Bxd4 Qb5 15. Qb3 Qxb3 16. axb3 Rd8 17. e4 Be6 18. Bxe6 Rxd4 19. Bd5 Rb4 20.
Rfc1 Bd6 21. f4 Rb5 22. Kg2 Kf8 23. Bc4 Rc5 24. Rd1 Be7 25. Rd7 a5 26. Rxb7 a4
27. Bd5 a3 28. Rxe7 Rxd5 29. Rxf7+ Kxf7 30. exd5 Ke7 31. Kf3 Kd6 32. Ke4 Kc5
33. Rc1+ Kb4 34. d6 a2 35. Ra1 Kxb3 36. Ke5 Re8+ 37. Kf5 Re2 38. Rd1 Rd2 39.
Rxd2 a1=Q 40. Rd3+ Kc4 41. Re3 Qf6+ 42. Kg4 Qxd6 43. Kf3 Qd1+ 44. Kf2 Qh1 45.
h4 Qh2+ 46. Kf3 Qg1 47. Re2 Kd3 48. Re5 h5 49. Rd5+ Kc4 50. Rd2 Qh1+ 51. Ke3
Qe1+ 0-1

[Event "OLNW 1920 SK Union SK Lehrt"]
[Site "Oldenburg"]
[Date "2019.11.24"]
[Round "3.3"]
[White "Hartogh, Christian"]
[Black "Meessen, Max"]
[Result "1/2-1/2"]
[WhiteElo "2071"]
[BlackElo "2215"]
[PlyCount "40"]
[EventDate "2019.??.??"]
[EventType "team-tourn"]
[EventCountry "GER"]

1. c4 e6 2. d4 d5 3. Nf3 Nf6 4. Bg5 Be7 5. e3 h6 6. Bf4 O-O 7. Qc2 c5 8. dxc5
Bxc5 9. g4 Qa5+ 10. Nbd2 Ne4 11. Bd3 Nxd2 12. Nxd2 Nc6 13. cxd5 Nb4 14. Qc3
Nxd3+ 15. Qxd3 exd5 16. g5 hxg5 17. Bxg5 Bb4 18. Rg1 Bxd2+ 19. Qxd2 Qxd2+ 20.
Kxd2 Bf5 {(=)} 1/2-1/2

[Event "OLNW 1920 SK Union SK Lehrt"]
[Site "Oldenburg"]
[Date "2019.11.24"]
[Round "3.4"]
[White "Mueer, Sebastian"]
[Black "Schruefer, Guenther"]
[Result "1-0"]
[WhiteElo "2194"]
[BlackElo "2218"]
[PlyCount "101"]
[EventDate "2019.??.??"]
[EventType "team-tourn"]
[EventCountry "GER"]

1. d4 Nf6 2. Nf3 g6 3. c4 Bg7 4. Nc3 d5 5. h4 c5 6. dxc5 Qa5 7. cxd5 Nxd5 8.
Qxd5 Bxc3+ 9. Bd2 Bxd2+ 10. Qxd2 Qxc5 11. Rc1 Qf5 12. g4 Qd7 13. Qc3 O-O 14. h5
Nc6 15. hxg6 fxg6 16. Ng5 Qxg4 17. Rxh7 Rf6 18. Qb3+ Be6 19. Nxe6 Kxh7 20. Bh3
Qb4+ 21. Qxb4 Nxb4 22. Rc7 Rb8 23. Rxe7+ Kh6 24. e3 Nd3+ 25. Ke2 Nxf2 26. Bg2
Rc8 27. Nd4 Ng4 28. Bf3 Kg5 29. b3 Rd8 30. Ne6+ Rxe6 31. Rxe6 Nf6 32. Bxb7 Rd7
33. Bf3 Kh4 34. e4 g5 35. e5 Ng4 36. Re8 Rg7 37. e6 Kg3 38. Bxg4 Kxg4 39. e7
Rf7 40. Kd3 Kg3 41. Rg8 Rxe7 42. Rxg5+ Kf3 43. Rd5 Rc7 44. b4 Kg4 45. Kd4 Kf4
46. a4 Kf3 47. b5 Kf4 48. Rd8 Kf5 49. Re8 Kf6 50. a5 Rc1 51. b6 1-0

[Event "OLNW 1920 SK Union SK Lehrt"]
[Site "Oldenburg"]
[Date "2019.11.24"]
[Round "3.6"]
[White "Wagner, Jan"]
[Black "Zschischang, Marine"]
[Result "0-1"]
[WhiteElo "2173"]
[BlackElo "2079"]
[PlyCount "88"]
[EventDate "2019.??.??"]
[EventType "team-tourn"]
[EventCountry "GER"]

1. Nf3 d5 2. c4 c6 3. g3 Nf6 4. Bg2 Nbd7 5. cxd5 cxd5 6. d4 Ne4 7. O-O e6 8.
Ne1 h5 9. f3 Nef6 10. Bg5 Qb6 11. Nc3 Qxb2 12. Rc1 Qb6 13. e4 Bb4 14. Kh1 Qa5
15. Qb3 Bxc3 16. Qxc3 Qxc3 17. Rxc3 b6 18. Nd3 Ba6 19. Rb1 Bc4 20. a4 a6 21.
Bxf6 gxf6 22. f4 Bxd3 23. Rxd3 dxe4 24. Bxe4 Rb8 25. Rdb3 Rc8 26. Kg2 a5 27.
Bd3 f5 28. Kf3 h4 29. Ba6 Rc2 30. R1b2 Rxb2 31. Rxb2 hxg3 32. hxg3 Ke7 33. Bb5
Rb8 34. Rc2 Kd8 35. Rb2 Nf6 36. Rh2 Ke7 37. Rc2 Nd7 38. Rb2 Rc8 39. Re2 Rc3+
40. Kf2 Kd6 41. Rb2 Nf6 42. Ba6 Ne4+ 43. Ke1 Kc7 44. Rh2 Rc1+ 0-1

[Event "OLNW 1920 SK Union SK Lehrt"]
[Site "Oldenburg"]
[Date "2019.11.24"]
[Round "3.7"]
[White "Zschischang, Gunnar"]
[Black "Schuette, Marc"]
[Result "0-1"]
[WhiteElo "2105"]
[BlackElo "2065"]
[PlyCount "34"]
[EventDate "2019.??.??"]
[EventType "team-tourn"]
[EventCountry "GER"]

1. d4 d5 2. c4 c6 3. Nc3 Nf6 4. Nf3 dxc4 5. a4 Bf5 6. e3 e6 7. Bxc4 Bb4 8. O-O
O-O 9. Qe2 Nbd7 10. Na2 Bd6 11. b4 Ne4 12. Bb2 Qf6 13. d5 Qh6 14. dxc6 Bg4 15.
h3 Ng5 16. Qd3 Nxf3+ 17. gxf3 Bh2+ 0-1

[Event "OLNW 1920 SK Union SK Lehrt"]
[Site "Oldenburg"]
[Date "2019.11.24"]
[Round "3.8"]
[White "Buerckner, Hartmut"]
[Black "Kohlmann, Arndt"]
[Result "1-0"]
[WhiteElo "2155"]
[BlackElo "2032"]
[PlyCount "49"]
[EventDate "2019.??.??"]
[EventType "team-tourn"]
[EventCountry "GER"]

1. Nf3 Nf6 2. c4 c5 3. d4 cxd4 4. Nxd4 g6 5. Nc3 Bg7 6. e4 Nc6 7. Nb3 d6 8. Be2
O-O 9. O-O Bd7 10. f4 Qb6+ 11. c5 dxc5 12. Na4 Qc7 13. Naxc5 Rad8 14. Nxd7 Rxd7
15. Qc2 Qb6+ 16. Kh1 Nb4 17. Qb1 Rc8 18. e5 Nfd5 19. Qe4 e6 20. Nd4 Nxf4 21.
Rxf4 Bh6 22. Nb5 Bxf4 23. Bxf4 Nxa2 24. Nd6 f5 25. Nxc8 1-0

[Event "OLNW 1920 SK Nordhorn Blanke - SK Union"]
[Site "?"]
[Date "2019.12.08"]
[Round "4.1"]
[White "Breutigam, Martin"]
[Black "Kroeze, Frank"]
[Result "1-0"]
[WhiteElo "2372"]
[BlackElo "2400"]
[PlyCount "147"]
[EventDate "2019.??.??"]
[EventType "team-tourn"]

1. d4 d5 2. Bf4 c5 3. e3 Nc6 4. Nf3 Nf6 5. Nbd2 cxd4 6. exd4 Qb6 7. Nb3 Bg4 8.
a4 a5 9. Bb5 e6 10. h3 Bh5 11. g4 Bg6 12. Ne5 Nd7 13. Nxd7 Kxd7 14. O-O Bd6 15.
Bxd6 Kxd6 16. Qd2 h5 17. g5 Ke7 18. Nc5 Qc7 19. c3 Bf5 20. h4 Na7 21. Be2 Nc8
22. Rfe1 Nd6 23. Qf4 Rac8 24. Bd3 Bxd3 25. Nxd3 Nc4 26. g6 Kf8 27. gxf7 Rh6 28.
Qxc7 Rxc7 29. Re2 Rxf7 30. Rae1 Rg6+ 31. Kf1 Rf3 32. Nc5 e5 33. Nd7+ Ke7 34.
Nxe5 Nxe5 35. Rxe5+ Kd6 36. Rxh5 Rh3 37. Ree5 Rh1+ 38. Ke2 Re6 39. Rxe6+ Kxe6
40. Re5+ Kd6 41. Rg5 Rxh4 42. Rg6+ Kc7 43. Rxg7+ Kc6 44. Rg6+ Kc7 45. Rf6 Rh1
46. Rf7+ Kc6 47. b4 axb4 48. cxb4 Ra1 49. Rf6+ Kc7 50. a5 Rb1 51. Rb6 Rb2+ 52.
Ke3 Rb3+ 53. Kf4 Rd3 54. Ke5 Rf3 55. Kxd5 Rxf2 56. Rh6 Kb8 57. Kc5 Ka7 58. d5
Rc2+ 59. Kb5 Rd2 60. Rd6 Rd1 61. Rd7 Ra1 62. Rd8 Rc1 63. d6 Rd1 64. Rd7 Ra1 65.
Rh7 Rd1 66. d7 Rd2 67. Kc5 Rd1 68. Rg7 Rd2 69. b5 Rd1 70. b6+ Ka6 71. Rg8 Rc1+
72. Kd4 Rd1+ 73. Kc4 Rxd7 74. Ra8# 1-0

[Event "OLNW 1920 SK Nordhorn Blanke - SK Union"]
[Site "?"]
[Date "2019.12.08"]
[Round "4.2"]
[White "Elgersma, Simon"]
[Black "Bredemeier, Dirk"]
[Result "1-0"]
[WhiteElo "2110"]
[BlackElo "2258"]
[PlyCount "83"]
[EventDate "2019.??.??"]
[EventType "team-tourn"]

1. e4 e5 2. Nf3 Nc6 3. Bb5 g6 4. d4 exd4 5. Bg5 Be7 6. Bxe7 Qxe7 7. Bxc6 dxc6
8. Qxd4 Nf6 9. Nc3 Bg4 10. Nd2 b6 11. f3 Be6 12. O-O-O c5 13. Qe3 O-O-O 14. g4
h6 15. h4 Nd7 16. e5 Kb8 17. Qf4 f6 18. exf6 Qxf6 19. Qxf6 Nxf6 20. Rhe1 Rde8
21. Nde4 Nxe4 22. Rxe4 Kc8 23. Rde1 Bf7 24. Kd2 Kd7 25. a3 Rxe4 26. Nxe4 Be6
27. Ke3 Rf8 28. Rg1 a5 29. f4 Bd5 30. Nf2 Re8+ 31. Kd2 Rf8 32. Nd3 Kd6 33. Rf1
Be6 34. Ne5 Bf7 35. Ke3 Ke6 36. Ke4 Re8 37. Rd1 Re7 38. Rd8 Be8 39. c3 a4 40.
g5 h5 41. c4 Bf7 42. Rf8 1-0

[Event "OLNW 1920 SK Nordhorn Blanke - SK Union"]
[Site "?"]
[Date "2019.12.08"]
[Round "4.3"]
[White "Meessen, Max"]
[Black "Bertholee, Rob"]
[Result "0-1"]
[WhiteElo "2211"]
[BlackElo "2302"]
[PlyCount "128"]
[EventDate "2019.??.??"]
[EventType "team-tourn"]

1. d4 e6 2. e4 d5 3. exd5 exd5 4. Nf3 Nf6 5. Bd3 Bd6 6. Qe2+ Qe7 7. Qxe7+ Kxe7
8. O-O Re8 9. Nc3 c6 10. Bg5 h6 11. Rae1+ Be6 12. Bh4 Nbd7 13. Ne5 g5 14. Nxd7
Kxd7 15. Bg3 Nh5 16. Bxd6 Kxd6 17. Ne2 Re7 18. Ng3 Nf4 19. Bf5 Rae8 20. c3 h5
21. Bxe6 Rxe6 22. Rxe6+ fxe6 23. Re1 h4 24. Nf5+ Kd7 25. Ne3 Nd3 26. Rd1 Nxb2
27. Rb1 Na4 28. Rxb7+ Kd6 29. c4 dxc4 30. Nxc4+ Kd5 31. Ne3+ Ke4 32. Rxa7 Nc3
33. Rg7 Ne2+ 34. Kh1 h3 35. Rxg5 Rb8 36. Rg4+ Kd3 37. gxh3 Nxd4 38. h4 c5 39.
h5 Rh8 40. Rg5 c4 41. Rc5 c3 42. Kg2 c2 43. Nxc2 Nxc2 44. a4 Ne1+ 45. Kg3 Rg8+
46. Kf4 Kd4 47. Rg5 Nd3+ 48. Kg4 Ne5+ 49. Kf4 Nd3+ 50. Kg4 Nxf2+ 51. Kh4 Rh8
52. a5 Ne4 53. Rg6 Ke5 54. Rg1 Nf6 55. Rg5+ Kf4 56. a6 Rh7 57. Ra5 e5 58. Kh3
Rh6 59. Kg2 Rh8 60. a7 Ra8 61. h3 Nd7 62. Kf2 e4 63. h4 Ne5 64. h6 Ng4+ 0-1

[Event "OLNW 1920 SK Nordhorn Blanke - SK Union"]
[Site "?"]
[Date "2019.12.08"]
[Round "4.4"]
[White "Stotyn, Fabian"]
[Black "Mueer, Sebastian"]
[Result "1-0"]
[WhiteElo "2201"]
[BlackElo "2223"]
[PlyCount "101"]
[EventDate "2019.??.??"]
[EventType "team-tourn"]

1. d4 Nf6 2. Nf3 g6 3. g3 Bg7 4. Bg2 c5 5. O-O cxd4 6. Nxd4 O-O 7. e4 Nc6 8.
Be3 d5 9. Nc3 Bg4 10. f3 Bc8 11. Nxc6 bxc6 12. e5 Nd7 13. f4 e6 14. Na4 Qa5 15.
b3 Rb8 16. Qd4 Ba6 17. Rfe1 f6 18. Bh3 Rfe8 19. Bf2 fxe5 20. fxe5 Rb4 21. Qxa7
Nxe5 22. Rxe5 Bxe5 23. Re1 Rb7 24. Qc5 Qc7 25. Qe3 Bg7 26. Nc5 d4 27. Qd2 Ra7
28. Nxe6 Qd6 29. Qa5 Ree7 30. Qc5 Qxc5 31. Nxc5 Rxe1+ 32. Bxe1 Be2 33. Be6+ Kf8
34. b4 Ra3 35. Bb3 Ke7 36. b5 Bxb5 37. Bb4 Ra5 38. Ne6+ Kf6 39. Bc5 Bh6 40.
Bxd4+ Kf5 41. Nc5 Bf8 42. Be6+ Kg5 43. Ne4+ Kh6 44. Be3+ Kg7 45. Bd4+ Kh6 46.
Bf6 c5 47. Ng5 Be8 48. Bd5 Ra6 49. Ne6 Bc6 50. Bg5+ Kh5 51. h3 1-0

[Event "OLNW 1920 SK Nordhorn Blanke - SK Union"]
[Site "?"]
[Date "2019.12.08"]
[Round "4.5"]
[White "Wittje, Berthold"]
[Black "Oehne, Timo"]
[Result "1/2-1/2"]
[WhiteElo "2224"]
[BlackElo "2097"]
[PlyCount "52"]
[EventDate "2019.??.??"]
[EventType "team-tourn"]

1. Nf3 Nf6 2. c4 g6 3. g3 Bg7 4. Bg2 O-O 5. d4 c5 6. O-O cxd4 7. Nxd4 d6 8. Nc3
a6 9. b3 Qc7 10. Bb2 Nc6 11. Rc1 Nxd4 12. Qxd4 Bd7 13. Nd5 Qd8 14. Rc2 Bc6 15.
Qb6 Nxd5 16. Qxd8 Rfxd8 17. cxd5 Bd7 18. Bxg7 Kxg7 19. Rc7 Rab8 20. f4 Kf8 21.
Kf2 Ke8 22. Rfc1 Rdc8 23. Bf3 Rxc7 24. Rxc7 Kd8 25. Rc3 Rc8 26. Rxc8+ Kxc8 {(=)
} 1/2-1/2

[Event "OLNW 1920 SK Nordhorn Blanke - SK Union"]
[Site "?"]
[Date "2019.12.08"]
[Round "4.6"]
[White "Baisakow, Alexander"]
[Black "Wagner, Jan"]
[Result "1-0"]
[WhiteElo "2185"]
[BlackElo "2160"]
[PlyCount "101"]
[EventDate "2019.??.??"]
[EventType "team-tourn"]

1. e4 d6 2. d4 Nf6 3. Nc3 e5 4. Nf3 Nbd7 5. Bc4 Be7 6. O-O O-O 7. a4 c6 8. Ba2
b6 9. Qe2 Bb7 10. Rd1 Qc7 11. Bg5 a6 12. Nh4 b5 13. Nf5 Rfe8 14. Rd3 exd4 15.
Rg3 d5 16. Nxg7 Qxg3 17. hxg3 Kxg7 18. e5 dxc3 19. exf6+ Bxf6 20. Qh5 cxb2 21.
Rd1 Re6 22. c3 Bxg5 23. Qxg5+ Kf8 24. Bb1 Rae8 25. Kf1 Nc5 26. Bf5 h6 27. Qh4
Nxa4 28. Bxe6 Rxe6 29. Rb1 c5 30. f4 Nxc3 31. Rxb2 Ne4 32. f5 Rf6 33. g4 h5 34.
gxh5 Rxf5+ 35. Kg1 Kg7 36. Qg4+ Rg5 37. Qd7 Ba8 38. Qc8 c4 39. Qxa8 c3 40. Re2
b4 41. h6+ Kxh6 42. Qxa6+ Kg7 43. Qb6 Rg3 44. Qxb4 Rd3 45. Kh2 Rd1 46. Ra2 d4
47. Qe7 Nf6 48. Ra7 Ng4+ 49. Kg3 Nh6 50. Qg5+ Kh7 51. Rxf7+ 1-0

[Event "OLNW 1920 SK Nordhorn Blanke - SK Union"]
[Site "?"]
[Date "2019.12.08"]
[Round "4.7"]
[White "Schuette, Marc"]
[Black "Plasman, Hans"]
[Result "1-0"]
[WhiteElo "2104"]
[BlackElo "2061"]
[PlyCount "73"]
[EventDate "2019.??.??"]
[EventType "team-tourn"]

1. e4 c5 2. c3 Nf6 3. e5 Nd5 4. Bc4 Nb6 5. Bb3 d5 6. exd6 e5 7. d4 Qxd6 8. dxe5
Qxe5+ 9. Be3 c4 10. Nf3 Qc7 11. Bxb6 axb6 12. Qe2+ Be6 13. Bc2 Ra5 14. Nbd2 Be7
15. O-O O-O 16. Rfe1 Bd6 17. Ne4 Bf4 18. g3 Bh6 19. Nd4 Re8 20. a4 Nd7 21. Nb5
Qc6 22. Ned6 Rf8 23. Be4 Bd5 24. Bxd5 Qxd5 25. Qxc4 Qxc4 26. Nxc4 Raa8 27. Re7
Nc5 28. Nxb6 Ra6 29. Nd7 Nxd7 30. Rxd7 b6 31. b3 g6 32. Rad1 Bg7 33. Rc7 Raa8
34. Rdd7 Rac8 35. Rxf7 Rxf7 36. Rxc8+ Bf8 37. Nd4 1-0

[Event "OLNW 1920 SK Nordhorn Blanke - SK Union"]
[Site "?"]
[Date "2019.12.08"]
[Round "4.8"]
[White "Bierenbroodspot, Paul"]
[Black "Buerckner, Hartmut"]
[Result "0-1"]
[WhiteElo "2112"]
[BlackElo "2162"]
[PlyCount "66"]
[EventDate "2019.??.??"]
[EventType "team-tourn"]

1. d4 Nf6 2. Nc3 g6 3. Bf4 Bg7 4. e4 d6 5. Qd2 O-O 6. O-O-O c6 7. h4 b5 8. f3
Nbd7 9. e5 b4 10. Ne4 Nxe4 11. fxe4 dxe5 12. Bh6 Nf6 13. Bxg7 Kxg7 14. Nf3 Bg4
15. Qg5 Bxf3 16. gxf3 exd4 17. h5 h6 18. Qg1 Qa5 19. hxg6 fxg6 20. f4 Nxe4 21.
Qxd4+ Nf6 22. Bd3 Rad8 23. Qe3 e5 24. f5 Ng4 25. Qg3 h5 26. fxg6 Qxa2 27. Rxh5
Rf2 28. Rh7+ Kf8 29. Rf7+ Rxf7 30. gxf7 Qa1+ 31. Kd2 Rxd3+ 32. Qxd3 Qxd1+ 33.
Kxd1 Nf2+ 0-1

[Event "OLNW 1920 MTV SK Kirchweyhe"]
[Site "Tostedt"]
[Date "2019.12.08"]
[Round "4.4"]
[White "Hoegy, Kevin"]
[Black "Brkic, Ante"]
[Result "0-1"]
[WhiteElo "2246"]
[BlackElo "2576"]
[PlyCount "72"]
[EventDate "2019.??.??"]
[EventType "team-tourn"]
[EventCountry "GER"]

1. d4 d5 2. c4 e6 3. Nc3 Bb4 4. Qa4+ Nc6 5. e3 Nf6 6. Bd2 O-O 7. Nf3 dxc4 8.
Bxc4 Bd6 9. h3 a6 10. a3 e5 11. dxe5 Nxe5 12. Nxe5 Bxe5 13. Qc2 b5 14. Bd3 Bb7
15. f4 Bxc3 16. Bxc3 Qe7 17. O-O-O Qxe3+ 18. Kb1 Rad8 19. Rhe1 Qxf4 20. Rf1 Qe3
21. Rxf6 gxf6 22. Bxh7+ Kg7 23. Rf1 Rd6 24. Ka1 Rfd8 25. Bf5 c5 26. Qb1 Bxg2
27. Bc2 Bxf1 28. Qxf1 Rd4 29. Qf5 Rd1+ 30. Bb1 Rxb1+ 31. Qxb1 Qe2 32. Qg1+ Kh7
33. Qxc5 Qd1+ 34. Ka2 Qd5+ 35. Qxd5 Rxd5 36. Bxf6 Kg6 0-1

[Event "OLNW 1920 MTV SK Kirchweyhe"]
[Site "Tostedt"]
[Date "2019.12.08"]
[Round "4.5"]
[White "Jovanovic, Zoran"]
[Black "Haerig, Wilfried"]
[Result "1-0"]
[WhiteElo "2512"]
[BlackElo "2161"]
[PlyCount "67"]
[EventDate "2019.??.??"]
[EventType "team-tourn"]
[EventCountry "GER"]

1. e4 c5 2. Nf3 g6 3. Bc4 Nc6 4. c3 Bg7 5. d4 cxd4 6. cxd4 d6 7. O-O Nf6 8. d5
Na5 9. Bd3 Bg4 10. Bd2 Nd7 11. Bc3 Bxc3 12. Nxc3 Rc8 13. h3 Bxf3 14. Qxf3 O-O
15. Qe2 Ne5 16. Rad1 a6 17. f4 Nec4 18. Rf2 b5 19. h4 Qb6 20. Bxc4 Rxc4 21. h5
Rfc8 22. hxg6 hxg6 23. f5 b4 24. fxg6 fxg6 25. Qg4 Kg7 26. Qe6 Qe3 27. Qxe7+
Kh6 28. Qh4+ Kg7 29. Qf6+ Kh6 30. Ne2 Rxe4 31. Nf4 Rxf4 32. Qxf4+ Qxf4 33. Rxf4
Nc4 34. Rc1 1-0

[Event "OLNW 1920 MTV SK Kirchweyhe"]
[Site "Tostedt"]
[Date "2019.12.08"]
[Round "4.6"]
[White "Krueger, Robin Kevin"]
[Black "Zelcic, Robert"]
[Result "0-1"]
[WhiteElo "2039"]
[BlackElo "2526"]
[PlyCount "60"]
[EventDate "2019.??.??"]
[EventType "team-tourn"]
[EventCountry "GER"]

1. e4 c6 2. Nf3 d5 3. Nc3 Nf6 4. e5 Ne4 5. Ne2 Qb6 6. d4 e6 7. Ng3 c5 8. Bd3
Nxg3 9. fxg3 Be7 10. O-O Nc6 11. dxc5 Qxc5+ 12. Kh1 Bd7 13. Qe2 Nb4 14. Be3 Qc7
15. Bg5 Qd8 16. Qe3 Nxd3 17. Bxe7 Qxe7 18. cxd3 O-O 19. Rac1 Qd8 20. Rc5 Qb6
21. Qd4 Qa6 22. Rfc1 Qxa2 23. b4 Qa6 24. Qc3 h6 25. Nd4 Rac8 26. Ra1 Qb6 27.
Nb3 a6 28. Qd4 Rxc5 29. Qxc5 Qd8 30. Nd4 Qb8 0-1

[Event "OLNW 1920 MTV SK Kirchweyhe"]
[Site "Tostedt"]
[Date "2019.12.08"]
[Round "4.8"]
[White "Thomas, Jeremy"]
[Black "Medak, Bojan"]
[Result "0-1"]
[WhiteElo "1769"]
[BlackElo "2364"]
[PlyCount "72"]
[EventDate "2019.??.??"]
[EventType "team-tourn"]
[EventCountry "GER"]

1. e4 d6 2. d4 Nf6 3. Nc3 g6 4. Be3 c6 5. f3 b5 6. g4 Bg7 7. Qd2 h5 8. g5 Nfd7
9. Bd3 Nb6 10. b3 O-O 11. a4 b4 12. Nce2 a5 13. f4 c5 14. Nf3 Qc7 15. Bb5 Bb7
16. Qd3 N8d7 17. Ng3 cxd4 18. Bxd4 e5 19. fxe5 Nxe5 20. Nxe5 dxe5 21. Bxb6 Qxb6
22. O-O-O Rad8 23. Qf3 Rd4 24. h4 Bc8 25. Rxd4 exd4 26. Qd3 Qc7 27. Bc4 Be6 28.
Bb5 Qf4+ 29. Kb1 Be5 30. Ne2 Qf2 31. Qd1 d3 32. Bxd3 Rd8 33. Qg1 Qxg1+ 34. Rxg1
Bxb3 35. cxb3 Rxd3 36. Kc2 Re3 0-1

[Event "OLNW 1920 SF Delmenhorster S"]
[Site "Hannover"]
[Date "2019.12.08"]
[Round "4.1"]
[White "Hoeffer, David"]
[Black "Ackermann, Dennie"]
[Result "1-0"]
[WhiteElo "2337"]
[BlackElo "2133"]
[PlyCount "60"]
[EventDate "2019.??.??"]
[EventType "team-tourn"]
[EventCountry "GER"]

1. d4 d5 2. Nf3 Nf6 3. c4 e6 4. Nc3 dxc4 5. e3 Bb4 6. Bxc4 O-O 7. O-O c5 8. Qe2
Nbd7 9. Rd1 Qe7 10. Ne5 Nb6 11. Bd3 Rd8 12. a3 Ba5 13. Bd2 Nbd7 14. Nd5 exd5
15. Bxa5 b6 16. Nc6 Qd6 17. Nxd8 bxa5 18. Bb5 Nb8 19. dxc5 Qxd8 20. e4 Qc7 21.
exd5 Bg4 22. Qc4 Bxd1 23. d6 Qc8 24. Rxd1 a6 25. Ba4 Nc6 26. Qd3 Ne5 27. Qc3
Qg4 28. Bc2 Re8 29. h3 Qd7 30. Qxa5 Qf5 1-0

[Event "OLNW 1920 SF Delmenhorster S"]
[Site "Hannover"]
[Date "2019.12.08"]
[Round "4.2"]
[White "Pubantz, Jan"]
[Black "Korsus, Bernd"]
[Result "1-0"]
[WhiteElo "2207"]
[BlackElo "2315"]
[PlyCount "83"]
[EventDate "2019.??.??"]
[EventType "team-tourn"]
[EventCountry "GER"]

1. d4 Nf6 2. c4 c5 3. d5 g6 4. Nc3 Bg7 5. Nf3 O-O 6. g3 d6 7. Bg2 e6 8. O-O
exd5 9. cxd5 Re8 10. Re1 Nbd7 11. Bf4 Nh5 12. Bg5 f6 13. Bd2 Nb6 14. Qc1 Nc4
15. Bh6 Bh8 16. b3 Na5 17. Qc2 a6 18. Nh4 f5 19. e4 f4 20. e5 Rxe5 21. gxf4
Qxh4 22. fxe5 Bf5 23. Qd2 Bxe5 24. Rxe5 dxe5 25. d6 Qd4 26. Rd1 Qxd2 27. Rxd2
Kf7 28. Na4 Rc8 29. Nb6 Rd8 30. Bg5 Nf6 31. Nd5 Rxd6 32. Nxf6 Rxd2 33. Bxd2
Nxb3 34. axb3 Kxf6 35. Bxb7 Be6 36. b4 cxb4 37. Bxb4 Bc4 38. Kg2 Be2 39. Kg3 g5
40. Ba5 h5 41. Be4 Ke7 42. Bc7 1-0

[Event "OLNW 1920 SF Delmenhorster S"]
[Site "Hannover"]
[Date "2019.12.08"]
[Round "4.3"]
[White "Mossakowski, Florian"]
[Black "Kaimer, Thomas"]
[Result "1/2-1/2"]
[WhiteElo "2285"]
[BlackElo "2152"]
[PlyCount "43"]
[EventDate "2019.??.??"]
[EventType "team-tourn"]
[EventCountry "GER"]

1. e4 c5 2. Nf3 e6 3. c3 Nf6 4. e5 Nd5 5. d4 cxd4 6. Qxd4 Nc6 7. Qe4 d6 8. exd6
Qxd6 9. Bb5 Be7 10. O-O O-O 11. Re1 Bd7 12. Na3 Rfe8 13. Bd2 Rad8 14. Rad1 Qc7
15. Nc4 a6 16. Bxc6 Bxc6 17. Qc2 Nf6 18. Nce5 Bxf3 19. Nxf3 Rd5 20. Bg5 Red8
21. Rxd5 Rxd5 22. Rd1 {(=)} 1/2-1/2